Hortense is abducted /

Bibliographic Details
Main Author: Roubaud, Jacques
Format: Book
Language:English
French
Published: Elmwood Park, IL, USA : Dalkey Archive Press, [1989]
Edition:1st ed.

MARC

Tag First Indicator Second Indicator Subfields
LEADER 00000cam a2200000 a 4500
001 in00001112413
005 20150930060917.0
008 881012s1989 ilua 000 1 eng
010 |a  88030390  
020 |a 0916583384 :  |c $19.95 
035 |a (OCoLC)18715368 
035 |9 AFU7104AM 
040 |a DLC  |c DLC  |d UtOrBLW 
041 1 |a eng  |a fre 
049 |a TXAM 
050 0 0 |a PQ2678.O77  |b E713 1989 
082 0 0 |a 843/.914  |2 19 
100 1 |a Roubaud, Jacques. 
240 1 0 |a Enlèvement d'Hortense.  |l English 
245 1 0 |a Hortense is abducted /  |c Jacques Roubaud ; translated by Dominic Di Bernardi ; afterword by the author. 
250 |a 1st ed. 
264 1 |a Elmwood Park, IL, USA :  |b Dalkey Archive Press,  |c [1989] 
264 4 |c ©1989 
300 |a 229 pages :  |b illustrations ;  |c 23 cm. 
336 |a text  |b txt  |2 rdacontent 
337 |a unmediated  |b n  |2 rdamedia 
338 |a volume  |b nc  |2 rdacarrier 
500 |a Translation of: L'enlèvement d'Hortense. 
999 |a MARS 
999 f f |s 79244f91-9dc3-3217-8241-34086d741f79  |i 0d04af12-b3b8-3911-b566-8eded5b80ad4  |t 0 
952 f f |p ric  |a Texas A&M University  |b Rellis Campus  |c Joint Library Facility  |d Remote Storage  |t 0  |e PQ2678.O77 E713 1989  |h Library of Congress classification  |i unmediated -- volume  |m A14817116047 
998 f f |a PQ2678.O77 E713 1989  |t 0  |l Remote Storage